Metropolitné regióny ako nositeľ inovácií

Blízkosť ako parameter metropolitných regiónov. Charakteristika metropolitných regiónov z pohľadu inovačného potenciálu. Podporná politika zo strany verejnej správy. Je potrebné na Slovensku vytvoriť aspoň jeden región, ktorý by mal charakteristiky metropolitného regiónu.Tento vďaka svojim vnútorným...

Ausführliche Beschreibung

Gespeichert in:
Bibliographische Detailangaben
1. Verfasser: Šipikal, Miroslav, 1976-
Format: Buchkapitel
Sprache:Slowakisch
Schlagworte:
Tags: Tag hinzufügen
Keine Tags, Fügen Sie das erste Tag hinzu!

MARC

LEADER 00000nla$a2200000$$$4500
001 0109863
005 20240502072218.3
041 0 |a slo 
044 |a SK 
245 1 0 |a Metropolitné regióny ako nositeľ inovácií  |c Miroslav Šipikal 
520 |a Blízkosť ako parameter metropolitných regiónov. Charakteristika metropolitných regiónov z pohľadu inovačného potenciálu. Podporná politika zo strany verejnej správy. Je potrebné na Slovensku vytvoriť aspoň jeden región, ktorý by mal charakteristiky metropolitného regiónu.Tento vďaka svojim vnútorným zdrojom dlhodobo vytvára interné aj externé vzťahy, ktoré vyúsťujú do vytvárania nekonkurenčných väzieb s inými metropolittnými regiónmi, a zároveň tak vytvárajú jedinečnú pozíciu konkrétneho metropolitného regiónu. V prípade Slovenska to znamená intenzívnejšiu podporu pre Bratislavský región. 
610 2 0 |a regióny metropolitné 
610 2 0 |a inovácia 
610 2 0 |a Slovensko 
100 1 |a Šipikal, Miroslav, 1976-